=LDR 00000nam 2200000 4500 =001 INLIS000000000020376 =005 20150307131823.0 =006 =007 =008 Ind =035 ##$$0010-061300000020376 =041 ##$$a Ind =082 ##$$a 808.02 =090 ##$$a 808.02, Atm m =100 ##$$a Atmowiloto, Arswendo =245 ##$$a Mengarang itu gampang, oleh Arswendo Atmowiloto =260 ##$$a 1082 $b Jakarta =300 ##$$a vi, 91 hlm., 20 cm =650 ##$$a Kesusastraan =850 ##$$a NBPNMAT